000 01116nam0a22002411 4500
001 rc\965114
005 20041129100622.9
035 _a(NLR Aleph) 006134469
090 _a5596219
_c5596219
100 _a20041129d1982 u |0rusy50 ca
101 0 _arus
102 _aRU
105 _ay |||||||||
200 1 _aНамотчице химического волокна
_f[Сост. библиогр. Эйсфельд Г.Г.]
210 _aМ.
_cНИИТЭхим
_d1982
215 _a16 с.
_d20
225 1 _aРекомендательные указатели литературы для рабочих химической промышленности
_iСерия
_e"В помощь освоению специальности и повышению квалификации"
_fЦНТБ Минхимпрома, НТБ Барнаул. ПО "Химволокно" им. Ленинского комсомола
_vВып. 19
700 1 _aЭйсфельд
_bГ. Г.
_gГалина Григорьевна
801 0 _aRU
_bNLR
_gpsbo
801 1 _aRU
_bELAR
_2rusmarc
852 _aNLR
_bС
_jП-1/1790
942 _cBOOK
980 _aNB